| 000 | 00679cam a2200217 4500 | ||
|---|---|---|---|
| 001 | 17381 | ||
| 005 | 20230410105156.0 | ||
| 008 | 060907s1974 nyu eng | ||
| 020 | _a0394484819 | ||
| 035 | _9funglode17517 | ||
| 041 | _aeng | ||
| 050 | 1 | 4 |
_aD 843 _bS394l 1974 |
| 082 | 0 | 0 | _a327 |
| 100 | 1 |
_aSchurmann, Franz, _d1926-2010. |
|
| 245 | 1 | 4 |
_aThe logic of world power : _ban inquirity into the origins, currents, and contradictions of world politics / _cFranz Schurmann |
| 260 |
_aNew York : _bPantheon Books, _c1974 |
||
| 300 |
_axxvii, 593 p. : _bmaps., _c25 cm. |
||
| 650 | 0 |
_aWorld politics _y1945-1989. |
|
| 650 | 4 | _aPolĂtica internacional. | |
| 942 |
_2lcc _cbk |
||
| 999 |
_c31554 _d31554 |
||